Sports Quiz

Random Sports Quiz

VICTORIA AFL ORIGIN TEAM 1986 (vs SA) Quiz Stats

 Plays Quiz not verified by Sporcle

Score 0/23 Timer 10:00
0 Plays Today
NUMBER PLAYER % Correct
23Paul SALMON
81.3%
2Dale WEIGHTMAN
75%
COACHKevin SHEEDY
75%
13Mark HARVEY
68.8%
14Gerard HEALY
68.8%
3Greg WILLIAMS
62.5%
19Dermott BRERETON
62.5%
20Dennis CARROLL
62.5%
15Gary PERT
56.3%
1Roger MERRETT
50%
17Robert DiPIERDOMENICO
50%
21Kevin WALSH
43.8%
NUMBER PLAYER % Correct
10Gary FOULDS
37.5%
26Shane HEARD
37.5%
7Paul MELDRUM
31.3%
4Steven CLARK
25%
6Geoff RAINES
25%
8Glenn HAWKER
25%
9Richard LOVERIDGE
25%
18Mark YEATES
25%
11Tom ALVIN
18.8%
12Peter DEAN
18.8%
16Trevor POOLE
12.5%

You're not logged in!

Compare scores with friends on all Sporcle quizzes.
OR
Log In

You Might Also Like...

Show Comments

Extras

Created Aug 14, 2012ReportNominate
Tags:1986, afl, club, origin, player, team, victoria

Top Quizzes Today


Score Distribution

Your Account Isn't Verified!

In order to create a playlist on Sporcle, you need to verify the email address you used during registration. Go to your Sporcle Settings to finish the process.

Report this User

Report this user for behavior that violates our Community Guidelines.

Details: